000 00300nam a22001097a 4500
082 _a530
100 _aP.W.
_983076
245 _aJEE ADVANCED 47 Years (2024-1978) Chapter Wise & Topic Wise Solved Papers PHYSICS
260 _bPhysics Wallah Publication
_c2024
650 _aPhysics
942 _cC. BOOKS
999 _c67847
_d67847